Bilecik Bilecik Bilecik Bilecik Bilecik

Entelektüelin kutsal kitabı : (Record no. 50950)

MARC details
000 -BAŞLIK
Sabit Uzunluktaki Kontrol Alanı 01621nam a22004217a 4500
001 - KONTROL NUMARASI
Control Dosyası 0051124
003 - KONTROL NUMARASI KİMLİĞİ
Kontrol Alanı KOHA_MİRAKIL
005 - EN SON İŞLEM TARİHİ ve ZAMANI
Kontrol Alanı 20260207003753.0
007 - FİZİKSEL TANIM SABİT ALAN - GENEL BİLGİ
Sabit uzunluklu kontrol alanı ta
008 - SABİT UZUNLUKTAKİ VERİ ÖGELERİ - GENEL BİLGİ
Sabit Alan 150629b2014 tu a|||gr||||#||||0|tur |
020 ## - ISBN - ULUSLARARASI STANDART KİTAP NUMARASI
Isbn 9786055675851
040 ## - KATALOGLAMA KAYNAĞI
Özgün Kataloglama Kurumu TR-BiSEU
Kataloglama Dili tur
Çeviri Kurumu TR-BiSEU
Açıklama Kuralları rda
041 0# - DİL KODU
Metin ya da ses kaydının dil kodu tur
044 ## - YAYINLAYAN/ÜRETEN KURULUŞUN ÜLKE KODU
ISO country code tu
050 ## - SINIFLAMA ve YER NUMARASI
Sınıflama Numarası CB358
Yer Numarası .K45 2014
100 1# - KİŞİ ADI
Yazar Adı (Kişi adı) Kidder, David S..
240 10 - TEK BİÇİM BAŞLIK
Tekbiçim Başlık <a href="The intellectual devotional modern culture">The intellectual devotional modern culture</a>
Language of a work Türkçe
245 1# - ESER ADI BİLDİRİMİ
Başlık Entelektüelin kutsal kitabı :
Alt Eseradı vb. modern kültür/
Sorumluluk Bildirimi David S. Kidder ; David S. Kidder, Noah D. Oppenheim ; çevirmen Egemen Yılgür.
264 #1 - ÜRERİM, YAYIN, DAĞITIM ve TELİF BİLDİRİMİ
Yayın yeri İstanbul :
Yayınlayan Maya Kitap
Yayın tarihi 2014
300 ## - FİZİKSEL TANIMLAMA
Sayfa, Cilt vb. 373 sayfa :
Diğer fiziki detaylar resimli ;
Boyutları 24 cm.
336 ## - İÇERİK TÜRÜ
Content type term metin
Content type code txt
Source rdacontent
337 ## - MEDYA TÜRÜ
Media type term aracısız
Media type code n
Source rdamedia
338 ## - TAŞIYICI TÜRÜ
Carrier type term cilt
Carrier type code nc
Source rdacarrier
490 1# - DİZİ BİLDİRİMİ
Dizi Bildirimi Maya Kitap ;
Cilt Numarası 75.
490 1# - DİZİ BİLDİRİMİ
Dizi Bildirimi İnceleme ;
Cilt Numarası 16.
500 ## - GENEL NOT
Genel Not Özgün adı: The intellectual devotional modern culture
500 ## - GENEL NOT
Genel Not Kapak İsmi : Entelektüelin kutsal kitabı : modern kültür : [zihninizi canlandırın, eğitiminizi tamamlayın ve kültürlü insanlar arasında yerinizi alın]
650 #0 - KONU BAŞLIĞI EK GİRİŞ - KONU TERİMİ
Konusal terim veya coğrafi ad Uygarlık--Çok yönlü.
9 (RLIN) 94806
650 #0 - KONU BAŞLIĞI EK GİRİŞ - KONU TERİMİ
Konusal terim veya coğrafi ad Civilization--Miscellanea.
9 (RLIN) 94807
650 #0 - KONU BAŞLIĞI EK GİRİŞ - KONU TERİMİ
Konusal terim veya coğrafi ad Entelektüel yaşam--Çok yönlü.
9 (RLIN) 94808
650 #0 - KONU BAŞLIĞI EK GİRİŞ - KONU TERİMİ
Konusal terim veya coğrafi ad Intellectual life--Miscellanea.
9 (RLIN) 94809
650 #0 - KONU BAŞLIĞI EK GİRİŞ - KONU TERİMİ
Konusal terim veya coğrafi ad Öğrenim ve burslar--Çok yönlü.
9 (RLIN) 94810
650 #0 - KONU BAŞLIĞI EK GİRİŞ - KONU TERİMİ
Konusal terim veya coğrafi ad Learning and scholarship--Miscellanea.
9 (RLIN) 94811
650 #0 - KONU BAŞLIĞI EK GİRİŞ - KONU TERİMİ
Konusal terim veya coğrafi ad Devotional calendars.
9 (RLIN) 93179
830 1# - SERİ EK GİRİŞİ - TEKBİÇİM ESER ADI
Tekbiçim Başlık Maya Kitap ;
Volume number/sequential designation 75.
9 (RLIN) 63025
830 1# - SERİ EK GİRİŞİ - TEKBİÇİM ESER ADI
Tekbiçim Başlık İnceleme ;
Volume number/sequential designation 16.
9 (RLIN) 24584
942 ## - EK GİRİŞ ÖGELERİ (KOHA)
Source of classification or shelving scheme Library of Congress Classification
Koha item type Book
Holdings
Materyal Türü Kalıcı Konum Mevcut Konum Raf Yeri Sınıflandırma Kaynağı Edinim Bilgisi Ana Konular Alt Konular Yer Numarası Demirbaş Numarası Fatura Tarihi Maliyet, Alış Fiyatı Maliyet, Yenileme Fiyatı Geri Çekilme Durumu Kayıp Durumu Hasarlı Durumu Kredi için değil Kayıt Tarih Toplam Ödünçverme Son Görülme Tarihi Son Kontrol Tarihi Satın Alma Notu
Book Prof. Dr. Azmi Özcan Kütüphanesi Prof. Dr. Azmi Özcan Kütüphanesi Uluğbey Salonu Library of Congress Classification Satın TARİHE YARDIMCI BİLİMLER Medeniyet Tarihi CB358 .K45 2014 0051124 07/07/2015 14.89 14.89         29/06/2015 1 05/12/2024 05/12/2024 B-984687 - B-984797